Sports Quiz

Random Sports or Football Quiz

All time English Top Level Clubs Quiz Stats

 Plays Quiz not verified by Sporcle

Challenge
Share
Tweet
Embed
Score 0/64 Timer 08:00
0 Plays Today
Seasons % Correct
87Manchester United
99.3%
95Arsenal
98.6%
97Liverpool
97.8%
83Manchester City
97.3%
109Everton
96.6%
77Chelsea
96%
77Tottenham Hotspur
95.3%
101Aston Villa
94.9%
81Newcastle United
94.8%
81Sunderland
92.2%
50Leeds United
92%
57Birmingham City
91.7%
54West Ham United
91.5%
72Blackburn Rovers
90.6%
63Wolverhampton Wanderers
90.6%
56Nottingham Forest
88.6%
33Portsmouth
88.4%
35Southampton
88.2%
23Fulham
87.3%
73Bolton Wanderers
86.4%
60Sheffield United
85.4%
22Norwich City
85.4%
66Sheffield Wednesday
85.2%
52Burnley
84.8%
2Hull City
84.6%
56Stoke City
84.3%
21Queen's Park Rangers
83.2%
26Ipswich Town
82.6%
65Derby County
82.1%
73West Bromwich Albion
81.2%
60Middlesbrough
80.3%
13Crystal Palace
80.1%
Seasons % Correct
15Cardiff City
79.4%
7Wigan Athletic
79.4%
46Leicester City
79.2%
28Blackpool
79%
3Swansea City
78.7%
14Wimbledon
77.8%
2Reading
77%
26Charlton Athletic
76.9%
34Coventry City
76.3%
46Preston North End
73.4%
12Bradford City
73.1%
30Notts County
71.1%
1Barnsley
70.9%
8Watford
69.4%
1Swindon Town
68.2%
12Oldham Athletic
65.3%
16Luton Town
63.1%
9Bristol City
62.9%
3Oxford United
62.7%
2Millwall
60.9%
30Huddersfield Town
59.9%
4Brighton & Hove Albion
57.9%
22Bury
47.9%
1Carlisle United
43.8%
5Brentford
42.1%
1Leyton Orient
41.8%
5Accrington
40.7%
1Northampton Town
40.1%
12Grimsby Town
36.5%
3Bradford Park Avenue
18.4%
1Glossop North End
15.6%
2Darwen
15.4%

You're not logged in!

Compare scores with friends on all Sporcle quizzes.
Join for Free
OR
Log In

You Might Also Like...

Show Comments

Extras

Top Quizzes Today


Score Distribution

Your Account Isn't Verified!

In order to create a playlist on Sporcle, you need to verify the email address you used during registration. Go to your Sporcle Settings to finish the process.

Report this User

Report this user for behavior that violates our Community Guidelines.

Details: